El mesías de Dune

Gardado en:
Detalles Bibliográficos
Autor Principal: Herbert, Frank (Author)
Formato: Libro
Idioma:Lingua castelá
Publicado: Plaza y Janés S. A 1995
Edición:1a. ed
Subjects:
Tags: Engadir etiqueta
Sen Etiquetas, Sexa o primeiro en etiquetar este rexistro!

MARC

LEADER 00000cam a2200000 a 4500
001 UCE2705
003 CL-VaPUC
008 140724e19950000sp |||||||||||||||||spa|d
020 |a 8484500454 
082 0 4 |a 813  |b HER  |2 21 
100 |a Herbert, Frank  |e author  |9 575255 
245 1 3 |a El mesías de Dune 
250 |a 1a. ed 
300 |a 301 p 
942 |c BK 
945 |d 20140724 10:48:00  |a dcastane 
260 |b Plaza y Janés S. A  |c 1995 
650 0 |a Novelas estadounidenses  |9 265217 
650 0 |a Literatura estadounidense  |9 317168 
650 0 |a Novelas de ciencia ficción  |9 320228 
583 |a last modification  |c 20140724 10:48:00  |k Rodrigo Vera 
999 |c 356280  |d 356278